000 00681nam a2200241Ia 4500
003 OSt
005 20220926012951.0
006 a|||||r|||| 00| 0
007 ta
008 220923b |||||||| |||| 00| 0 eng d
037 _cGeneral Book
040 _aRTL
_cRTL
_beng
041 _2eng
_aeng
082 _aX:8Fg, M4
100 _aMiller Martin A
_9317642
245 0 _aMiller's comprehnsive GAAP guide
_b A comprehnsive r
260 _aNew York
_bHaroourt Brace Jovenovich
_c1984
300 _axx,
_ccm.
500 _aVarious pagination
650 _aBudgetting
_9233954
942 _hX:8Fg, M4
_cGB
_2CC
999 _c624818
_d624818